|
|
|
|
| LEADER |
00898cam a2200217 7i4500 |
| 001 |
0000030481 |
| 005 |
20210209090000.0 |
| 008 |
091013 eng |
| 020 |
|
|
|a 9789833850228 (hbk.)
|
| 040 |
|
|
|a UM
|
| 090 |
0 |
0 |
|a HG4028
|b .C37 2008
|
| 245 |
0 |
0 |
|a Capital markets in Malaysia :
|b corporate finance, investment management, banking and corporate governance
|c Mohamed Ariff...[et al.].
|
| 260 |
|
|
|a Shah Alam, Selangor:
|b McGraw-Hill (Malaysia) Sdn. Bhd.,
|c 2008.
|
| 300 |
|
|
|a ix, 459 p.:
|b ill.;
|c 26 cm.
|
| 504 |
|
|
|a Includes bibliographical references and index
|
| 650 |
0 |
0 |
|a Corporations --
|x Finance
|
| 650 |
0 |
0 |
|a Malaysia --
|x Economic conditions
|
| 650 |
0 |
0 |
|a Capital investments --
|z Malaysia
|
| 700 |
0 |
|
|a Mohamed Ariff
|
| 997 |
|
|
|a Engineering & Life Sciences, Faculty
|b Science & Biotechnology, Department
|
| 999 |
|
|
|a 0000037627
|b BOK
|c OPEN SHELF
|e 1st Floor, Bestari Jaya
|